[Event "Abe Yanofsky mem"]
[Site "Winnipeg CAN"]
[Date "2011.08.05"]
[Round "1"]
[White "Babb, Jeff"]
[Black "De los Santos, Christopher"]
[Result "1-0"]
[WhiteElo "2151"]
[BlackElo "1823"]
[PlyCount "71"]
[GameId "2160767909649033"]
[EventDate "2011.08.05"]
[EventType "swiss"]
[EventRounds "5"]
[EventCountry "CAN"]

1. f4 d5 2. e3 Nf6 3. Nf3 g6 4. b4 Bg7 5. Bb2 O-O 6. a4 c6 7. Be2 Bg4 8. h3 Bxf3 9. Bxf3 Nbd7 10. a5 a6 11. O-O Re8 12. g4 e5 13. f5 h6 14. Bg2 Qe7 15. Nc3 Qxb4 16. Qb1 Qd6 17. Qa2 e4 18. fxg6 fxg6 19. Ne2 Kh7 20. Rf2 Rf8 21. Raf1 Ne5 22. Ba3 c5 23. Nf4 g5 24. Nxd5 Nexg4 25. hxg4 Nxg4 26. Bxe4+ Kh8 27. Rg2 Nh2 28. Rff2 Rxf2 29. Kxf2 Rf8+ 30. Ke2 Qe6 31. d3 Qh3 32. Bb2 Qh5+ 33. Kd2 Nf1+ 34. Kc1 Rf7 35. Bxg7+ Kxg7 36. Qb2+ 1-0

[Event "Abe Yanofsky mem"]
[Site "Winnipeg CAN"]
[Date "2011.08.05"]
[Round "1"]
[White "Boron, Anthony"]
[Black "Penner, Wesley"]
[Result "1-0"]
[WhiteElo "1996"]
[BlackElo "1744"]
[PlyCount "87"]
[GameId "2160767909649034"]
[EventDate "2011.08.05"]
[EventType "swiss"]
[EventRounds "5"]
[EventCountry "CAN"]

1. d4 e6 2. Nf3 d5 3. c4 c6 4. e3 Nf6 5. Nbd2 dxc4 6. Bxc4 Nbd7 7. O-O Nb6 8. Be2 Bd6 9. b3 O-O 10. Bb2 Qc7 11. Rc1 Nbd5 12. Nc4 b6 13. Nxd6 Qxd6 14. Ne5 Bb7 15. h3 Nd7 16. Bf3 Nxe5 17. dxe5 Qe7 18. Be4 Rfd8 19. Qh5 g6 20. Qf3 Rd7 21. Rfd1 Rad8 22. a3 c5 23. g3 Rc8 24. h4 Rdc7 25. h5 Qg5 26. hxg6 hxg6 27. Rc2 Qe7 28. Rdc1 Qd7 29. b4 c4 30. Bd4 Qa4 31. Bxd5 Bxd5 32. e4 Bb7 33. Rc3 Qd7 34. Rd1 Qc6 35. Re3 Rd7 36. Bc3 Rcd8 37. Rd6 Qc7 38. Qf6 Re8 39. g4 Qd8 40. Rxd7 Qxd7 41. Rh3 Qd1+ 42. Kh2 Qh1+ 43. Kxh1 Bxe4+ 44. Kh2 1-0

[Event "Abe Yanofsky mem"]
[Site "Winnipeg CAN"]
[Date "2011.08.05"]
[Round "1"]
[White "Cleto, Sam"]
[Black "Yermolinsky, Alex"]
[Result "0-1"]
[WhiteElo "1906"]
[BlackElo "2601"]
[PlyCount "38"]
[GameId "2160767909649035"]
[EventDate "2011.08.05"]
[EventType "swiss"]
[EventRounds "5"]
[EventCountry "CAN"]

1. d4 Nf6 2. c4 e6 3. Nf3 d5 4. Nc3 c6 5. Bg5 dxc4 6. a4 Bb4 7. e3 b5 8. Be2 Bb7 9. O-O a6 10. e4 Nbd7 11. e5 h6 12. Bh4 g5 13. Nxg5 hxg5 14. Bxg5 Qc7 15. f4 Bxc3 16. f5 Bxb2 17. fxe6 fxe6 18. Qc2 Bxd4+ 19. Kh1 O-O-O 0-1

[Event "Abe Yanofsky mem"]
[Site "Winnipeg CAN"]
[Date "2011.08.05"]
[Round "1"]
[White "Czypinski, Jaroslaw"]
[Black "Afolabi, Damola"]
[Result "1-0"]
[WhiteElo "1964"]
[BlackElo "1550"]
[PlyCount "80"]
[GameId "2160767909649036"]
[EventDate "2011.08.05"]
[EventType "swiss"]
[EventRounds "5"]
[EventCountry "CAN"]

1. e4 g6 2. Nf3 Bg7 3. Bc4 c6 4. Nc3 Nf6 5. e5 Ng4 6. Bxf7+ Kxf7 7. Ng5+ Ke8 8. Qxg4 Bxe5 9. d4 d6 10. Qe2 Bf6 11. O-O h6 12. Nge4 Kf7 13. Nxf6 exf6 14. Re1 d5 15. Bf4 Bd7 16. Qd2 Na6 17. Bd6 Be6 18. Qf4 Qd7 19. Ba3 Rae8 20. Qd2 h5 21. Re3 h4 22. h3 g5 23. Rae1 b5 24. Ne2 Qc7 25. Nc1 g4 26. hxg4 Rhg8 27. f3 h3 28. gxh3 b4 29. Qe2 Qd6 30. Qxa6 bxa3 31. Qxa7+ Re7 32. Qxa3 Qg3+ 33. Kf1 Qxh3+ 34. Ke2 Rxg4 35. fxg4 Bxg4+ 36. Kd2 Qh2+ 37. Ne2 Rxe3 38. Qxe3 Be6 39. Kc1 Bf5 40. Qg3 Qh6+ 1-0

[Event "Abe Yanofsky mem"]
[Site "Winnipeg CAN"]
[Date "2011.08.05"]
[Round "1"]
[White "De Groot, Steven"]
[Black "Joven, Perfecto"]
[Result "1/2-1/2"]
[WhiteElo "1772"]
[BlackElo "2006"]
[PlyCount "101"]
[GameId "2160767909649037"]
[EventDate "2011.08.05"]
[EventType "swiss"]
[EventRounds "5"]
[EventCountry "CAN"]

1. c4 Nf6 2. Nc3 g6 3. g3 Bg7 4. Bg2 c6 5. e4 d6 6. Nge2 O-O 7. O-O Nbd7 8. d3 Ne5 9. h3 Qa5 10. Bd2 Qb6 11. Bc1 Nh5 12. g4 Nf6 13. Kh2 Qa5 14. Ng3 Ne8 15. f4 Nd7 16. f5 Ne5 17. Qe2 Nd7 18. Bg5 Nef6 19. Bd2 Qc7 20. Rad1 Rb8 21. d4 a6 22. Bf4 Ne8 23. g5 e5 24. Be3 f6 25. h4 exd4 26. Bxd4 Ne5 27. Bh3 Qe7 28. Be3 b6 29. Rf2 Nf7 30. fxg6 hxg6 31. Bxc8 Rxc8 32. Qg4 f5 33. Qh3 Rb8 34. Bf4 fxe4 35. Ncxe4 Be5 36. Bxe5 Qxe5 37. Rdf1 Rd8 38. Nf6+ Nxf6 39. Rxf6 Kg7 40. Qg2 d5 41. Qc2 Nh8 42. cxd5 cxd5 43. Rxf8 Rxf8 44. Rxf8 Kxf8 45. Qf2+ Kg7 46. Qxb6 Nf7 47. a4 Nd6 48. Kg2 Nc4 49. Qb7+ Kf8 50. Qc8+ Kg7 51. Qd7+ 1/2-1/2

[Event "Abe Yanofsky mem"]
[Site "Winnipeg CAN"]
[Date "2011.08.05"]
[Round "1"]
[White "Green, Aaron"]
[Black "Magnusson, Saul"]
[Result "1-0"]
[WhiteElo "2010"]
[BlackElo "1804"]
[PlyCount "79"]
[GameId "2160767909649038"]
[EventDate "2011.08.05"]
[EventType "swiss"]
[EventRounds "5"]
[EventCountry "CAN"]

1. e4 e6 2. d4 d5 3. exd5 exd5 4. Nf3 Nc6 5. c3 Bd6 6. Bd3 Nge7 7. O-O Bf5 8. Re1 O-O 9. Be3 Qd7 10. Qc2 Rfe8 11. Nbd2 Bxd3 12. Qxd3 Nf5 13. a3 f6 14. b3 Nd8 15. c4 c6 16. b4 Nxe3 17. fxe3 Ne6 18. g3 Rad8 19. Rad1 Bc7 20. e4 dxc4 21. Nxc4 c5 22. d5 b5 23. Ne3 c4 24. Qc2 Ng5 25. Nxg5 fxg5 26. Nf5 g6 27. Nd4 Qg4 28. Ne6 Rxe6 29. dxe6 Rxd1 30. Rxd1 Qf3 31. Rd5 Bb6+ 32. Rc5 Bxc5+ 33. bxc5 Qe3+ 34. Kg2 Kg7 35. c6 g4 36. e7 Qf3+ 37. Kg1 Qe3+ 38. Qf2 Qc1+ 39. Kg2 c3 40. Qf8# 1-0

[Event "Abe Yanofsky mem"]
[Site "Winnipeg CAN"]
[Date "2011.08.05"]
[Round "1"]
[White "Green, Jim"]
[Black "Zaczek, Jonathon"]
[Result "1/2-1/2"]
[WhiteElo "1851"]
[BlackElo "2284"]
[PlyCount "64"]
[GameId "2160767909649039"]
[EventDate "2011.08.05"]
[EventType "swiss"]
[EventRounds "5"]
[EventCountry "CAN"]

1. e4 c5 2. Nf3 d6 3. Bb5+ Bd7 4. Bxd7+ Qxd7 5. O-O Nc6 6. Qe2 Nf6 7. c3 e6 8. Rd1 Qc7 9. d4 Be7 10. Bf4 e5 11. dxe5 dxe5 12. Bg3 O-O 13. Na3 Nh5 14. Nc4 Nf4 15. Qc2 f6 16. Ne3 Rad8 17. Bxf4 exf4 18. Nd5 Qb8 19. Rd2 Bd6 20. Rad1 Be5 21. Qb3 Kh8 22. Qb5 Bd6 23. Qe2 Rfe8 24. Nh4 Bf8 25. Nf3 a6 26. Re1 b5 27. a3 Na5 28. Rdd1 Nc4 29. Qc2 Bd6 30. Nd2 Ne5 31. Nf3 Nc4 32. Nd2 Ne5 1/2-1/2

[Event "Abe Yanofsky mem"]
[Site "Winnipeg CAN"]
[Date "2011.08.05"]
[Round "1"]
[White "Greenberg, Harley"]
[Black "Kaptsan, Aron"]
[Result "1/2-1/2"]
[WhiteElo "1685"]
[BlackElo "1978"]
[PlyCount "42"]
[GameId "2160767909649040"]
[EventDate "2011.08.05"]
[EventType "swiss"]
[EventRounds "5"]
[EventCountry "CAN"]

1. d4 Nf6 2. c4 e6 3. g3 c5 4. Nf3 cxd4 5. Nxd4 d5 6. Bg2 e5 7. Nb3 d4 8. O-O Be7 9. f4 exf4 10. Bxf4 Nc6 11. Na3 Bxa3 12. bxa3 O-O 13. Bg5 Re8 14. Bxf6 gxf6 15. Rf4 Qe7 16. Nxd4 Qe3+ 17. Kf1 Rd8 18. Re4 Qc3 19. e3 Qxc4+ 20. Ke1 Qc3+ 21. Kf1 Qc4+ 1/2-1/2

[Event "Abe Yanofsky mem"]
[Site "Winnipeg CAN"]
[Date "2011.08.05"]
[Round "1"]
[White "Klokow, John"]
[Black "Moncal, Nilo"]
[Result "0-1"]
[WhiteElo "1807"]
[BlackElo "2102"]
[PlyCount "60"]
[GameId "2160767909649041"]
[EventDate "2011.08.05"]
[EventType "swiss"]
[EventRounds "5"]
[EventCountry "CAN"]

1. e4 e6 2. b3 d5 3. Bb2 dxe4 4. Nc3 f5 5. g4 Nf6 6. gxf5 exf5 7. Bc4 Nc6 8. Qe2 Nd4 9. Qd1 Be6 10. Bxe6 Nxe6 11. Nge2 Qd7 12. d3 O-O-O 13. d4 Ng5 14. Nb1 Nf3+ 15. Kf1 Bd6 16. h3 Qf7 17. Nd2 Qh5 18. Ng3 Nxd2+ 19. Qxd2 Bxg3 20. fxg3 Qf3+ 21. Kg1 Qxg3+ 22. Qg2 Qe3+ 23. Qf2 Qg5+ 24. Qg2 Qh5 25. Kf2 f4 26. Rhf1 Qh4+ 27. Kg1 Rd5 28. Qf2 Rg5+ 29. Kh1 Qxh3+ 30. Qh2 Qxh2+ 0-1

[Event "Abe Yanofsky mem"]
[Site "Winnipeg CAN"]
[Date "2011.08.05"]
[Round "1"]
[White "Lipnowski, Samuel"]
[Black "Lambruschini, Alex"]
[Result "1-0"]
[WhiteElo "2261"]
[BlackElo "1843"]
[PlyCount "105"]
[GameId "2160767909649042"]
[EventDate "2011.08.05"]
[EventType "swiss"]
[EventRounds "5"]
[EventCountry "CAN"]

1. d4 Nf6 2. c4 e5 3. dxe5 Ng4 4. Bf4 Bb4+ 5. Nd2 Nc6 6. Ngf3 Qe7 7. a3 Bxd2+ 8. Qxd2 Ncxe5 9. Nxe5 Nxe5 10. e3 d6 11. Be2 Be6 12. Rc1 Ng6 13. Bg3 h5 14. h3 h4 15. Bh2 O-O 16. O-O Rad8 17. Qc3 Kh8 18. Qa5 f5 19. Qxa7 f4 20. Qd4 f3 21. Bxf3 Rxf3 22. gxf3 Bxh3 23. Kh1 Bxf1 24. Rxf1 Ne5 25. Qe4 Nc6 26. Qxe7 Nxe7 27. Bf4 Kh7 28. Bg5 Re8 29. Bxh4 Ng6 30. Bg3 Ne5 31. Bxe5 Rxe5 32. f4 Rc5 33. b3 Ra5 34. a4 Ra6 35. Rd1 Rb6 36. Rd3 Kg6 37. Kg2 Kf5 38. Kf3 Ke6 39. Ke4 Kf6 40. Kd4 Kf5 41. f3 Ra6 42. Rd1 Ra8 43. Rg1 Kf6 44. e4 Rh8 45. e5+ dxe5+ 46. fxe5+ Kf7 47. a5 Rh2 48. b4 Rb2 49. Kc5 Re2 50. f4 Rf2 51. Rg4 Rf1 52. Rh4 Rf2 53. Rh8 1-0

[Event "Abe Yanofsky mem"]
[Site "Winnipeg CAN"]
[Date "2011.08.05"]
[Round "1"]
[White "Pang, Michael"]
[Black "Li, Kevin"]
[Result "0-1"]
[WhiteElo "1829"]
[BlackElo "2181"]
[PlyCount "104"]
[GameId "2160767909649043"]
[EventDate "2011.08.05"]
[EventType "swiss"]
[EventRounds "5"]
[EventCountry "CAN"]

1. e4 c5 2. Nf3 Nc6 3. d4 cxd4 4. Nxd4 Nf6 5. Nc3 e6 6. Be3 Bb4 7. f3 d5 8. Bb5 Bd7 9. O-O O-O 10. Bg5 e5 11. Bxf6 gxf6 12. Nde2 Bxc3 13. Nxc3 d4 14. Nd5 a6 15. Bd3 f5 16. exf5 f6 17. f4 Be8 18. Qg4+ Kh8 19. Be4 Bf7 20. c4 dxc3 21. Nxc3 Qb6+ 22. Rf2 Rad8 23. Qh4 Bg8 24. Bxc6 Qxc6 25. fxe5 fxe5 26. f6 Bf7 27. Qg3 Rg8 28. Qxe5 Rde8 29. Qf4 Rg6 30. Rd1 Re6 31. Nd5 Rd6 32. Ne3 Rxd1+ 33. Nxd1 Qc5 34. Qe3 Qh5 35. Nc3 Rg8 36. Ne4 Re8 37. Qd4 Qg4 38. Rf3 Qxe4 39. Qd7 Qe1+ 40. Rf1 Qe3+ 41. Kh1 Qe6 42. Qxb7 Qxa2 43. h3 Rg8 44. Rd1 Qb3 45. Qxb3 Bxb3 46. Rd6 Bc4 47. g4 Rb8 48. h4 Kg8 49. Rd4 Be6 50. g5 Rxb2 51. Rd6 Bc4 52. Rc6 Bd5+ 0-1

[Event "Abe Yanofsky mem"]
[Site "Winnipeg CAN"]
[Date "2011.08.05"]
[Round "1"]
[White "Vincent, Trevor"]
[Black "Pottinger, Carl"]
[Result "1-0"]
[WhiteElo "2347"]
[BlackElo "1883"]
[PlyCount "85"]
[GameId "2160767909649044"]
[EventDate "2011.08.05"]
[EventType "swiss"]
[EventRounds "5"]
[EventCountry "CAN"]

1. c4 e5 2. g3 Nc6 3. Nc3 f5 4. Nf3 e4 5. Nh4 d6 6. Bh3 g6 7. d3 Nf6 8. Bg5 Be7 9. O-O O-O 10. Bg2 exd3 11. Qxd3 Be6 12. b3 Qd7 13. Rad1 b6 14. Nf3 Rad8 15. Bh6 Rfe8 16. Ng5 Ne5 17. Qd4 Nf7 18. Nxe6 Qxe6 19. Bc1 Bf8 20. Bb2 a6 21. Nd5 Nxd5 22. Bxd5 Qe5 23. Qxe5 dxe5 24. e4 Bg7 25. exf5 gxf5 26. Ba3 Bf8 27. Bb2 Bd6 28. Rfe1 e4 29. Bf6 Rb8 30. Bc6 Rf8 31. Bd5 Rfe8 32. f4 Kf8 33. Kg2 Nd8 34. h3 Ne6 35. Bc6 Nc5 36. Bxe8 Rxe8 37. Rd5 Nd3 38. Re2 Nc1 39. Re3 Bc5 40. Bd4 Bxd4 41. Rxd4 Kf7 42. g4 fxg4 43. hxg4 1-0

[Event "Abe Yanofsky mem"]
[Site "Winnipeg CAN"]
[Date "2011.08.06"]
[Round "2"]
[White "Bince, Rolando"]
[Black "Green, Jim"]
[Result "1-0"]
[WhiteElo "2091"]
[BlackElo "1851"]
[PlyCount "64"]
[GameId "2160767909649045"]
[EventDate "2011.08.05"]
[EventType "swiss"]
[EventRounds "5"]
[EventCountry "CAN"]

1. d4 d5 2. Nf3 c6 3. c4 Nf6 4. Nc3 a6 5. c5 Nbd7 6. Qc2 g6 7. Bg5 Bg7 8. e3 O-O 9. h3 Re8 10. Be2 Qa5 11. O-O e5 12. a3 e4 13. Nh2 h6 14. Bh4 g5 15. Bg3 Nf8 16. Na4 Qd8 17. Nb6 Be6 18. Nxa8 Qxa8 19. Be5 Ng6 20. f4 exf3 21. Bxf3 Kh7 22. Bg4 Qc8 23. Bxe6 Qxe6 24. Qe2 Rg8 25. Kh1 Ne7 26. g4 Bf8 27. Qf2 Ng6 28. Bd6 Bg7 29. Bg3 Rf8 30. Qf5 Rh8 31. Qxe6 fxe6 32. Bd6 Re8 1-0

[Event "Abe Yanofsky mem"]
[Site "Winnipeg CAN"]
[Date "2011.08.06"]
[Round "2"]
[White "De los Santos, Christopher"]
[Black "Cleto, Sam"]
[Result "0-1"]
[WhiteElo "1823"]
[BlackElo "1906"]
[PlyCount "66"]
[GameId "2160767909649046"]
[EventDate "2011.08.05"]
[EventType "swiss"]
[EventRounds "5"]
[EventCountry "CAN"]

1. d4 Nf6 2. c4 e6 3. Nc3 Be7 4. Bg5 O-O 5. Nf3 d5 6. e3 c5 7. Be2 cxd4 8. exd4 dxc4 9. Bxc4 Nbd7 10. O-O h6 11. Bh4 a6 12. Re1 b5 13. Bb3 b4 14. Ne4 Bb7 15. Nxf6+ Nxf6 16. Ne5 a5 17. Bc2 Qd5 18. f3 Rfd8 19. Bxf6 gxf6 20. Be4 Qb5 21. Bxb7 Qxb7 22. Ng4 h5 23. Ne3 f5 24. Qd2 Bf6 25. Nc2 a4 26. Kh1 b3 27. axb3 Qxb3 28. Ra3 Qxb2 29. f4 Rxd4 30. Qf2 Rc8 31. Qg3+ Kf8 32. Nxd4 Bxd4 33. Qf3 Rc1 0-1

[Event "Abe Yanofsky mem"]
[Site "Winnipeg CAN"]
[Date "2011.08.06"]
[Round "2"]
[White "Green, Aaron"]
[Black "Lipnowski, Samuel"]
[Result "0-1"]
[WhiteElo "2010"]
[BlackElo "2261"]
[PlyCount "94"]
[GameId "2160767909649047"]
[EventDate "2011.08.05"]
[EventType "swiss"]
[EventRounds "5"]
[EventCountry "CAN"]

1. e4 c5 2. Nf3 d6 3. d4 cxd4 4. Nxd4 Nf6 5. Nc3 a6 6. Be2 e6 7. O-O Be7 8. Be3 O-O 9. f4 Qc7 10. a4 Nc6 11. Bf3 Rb8 12. Qe2 Re8 13. g4 Bf8 14. g5 Nd7 15. Nb3 b6 16. Rae1 Bb7 17. h4 Na5 18. Nd2 Rbc8 19. Qg2 b5 20. axb5 axb5 21. f5 b4 22. Nd1 exf5 23. exf5 Bxf3 24. Rxf3 Qxc2 25. g6 hxg6 26. fxg6 Qxg6 27. Rg3 Qh5 28. Rg5 Qxh4 29. Nf3 Qe4 30. Bd4 Qh7 31. Rxa5 Rxe1+ 32. Nxe1 Rc1 33. Qd2 Qg6+ 34. Rg5 Rxd1 35. Qxd1 Qxg5+ 36. Ng2 Ne5 37. Qb3 Qg4 38. Be3 Qc4 39. Qxc4 Nxc4 40. Bd4 g6 41. Nf4 Bg7 42. Bxg7 Kxg7 43. b3 Nd2 44. Nd3 Nxb3 45. Nxb4 Kf6 46. Kf2 Ke6 47. Kf3 f5 0-1

[Event "Abe Yanofsky mem"]
[Site "Winnipeg CAN"]
[Date "2011.08.06"]
[Round "2"]
[White "Joven, Perfecto"]
[Black "Greenberg, Harley"]
[Result "1-0"]
[WhiteElo "2006"]
[BlackElo "1685"]
[PlyCount "77"]
[GameId "2160767909649048"]
[EventDate "2011.08.05"]
[EventType "swiss"]
[EventRounds "5"]
[EventCountry "CAN"]

1. Nf3 d5 2. d4 e6 3. c4 Nf6 4. g3 c6 5. Bg2 dxc4 6. a4 Bb4+ 7. Bd2 c5 8. O-O Nc6 9. dxc5 Bxd2 10. Nbxd2 c3 11. bxc3 Qa5 12. Nb3 Qc7 13. Nbd4 Nxd4 14. cxd4 O-O 15. Ne5 Bd7 16. Qc2 Rfd8 17. Rfb1 Bc6 18. Nxc6 bxc6 19. Rb4 Rab8 20. Rab1 Nd5 21. Bxd5 exd5 22. Qb3 Ra8 23. Rb7 Qc8 24. a5 Re8 25. e3 h5 26. Qd1 g6 27. Qf3 Qe6 28. Qf4 Kg7 29. Qc7 h4 30. Qd7 hxg3 31. hxg3 Qf6 32. Kg2 Rh8 33. R1b2 Rh5 34. Rb8 Rxb8 35. Rxb8 Rf5 36. f4 Rh5 37. Qe8 Qf5 38. Qe5+ Qf6 39. Rg8+ 1-0

[Event "Abe Yanofsky mem"]
[Site "Winnipeg CAN"]
[Date "2011.08.06"]
[Round "2"]
[White "Kaptsan, Aron"]
[Black "Melamedoff, Gustavo"]
[Result "1/2-1/2"]
[WhiteElo "2049"]
[BlackElo "2051"]
[PlyCount "71"]
[GameId "2160767909649049"]
[EventDate "2011.08.05"]
[EventType "swiss"]
[EventRounds "5"]
[EventCountry "CAN"]
[SourceTitle "EXT 2019"]
[Source "ChessBase"]
[SourceDate "2018.10.10"]
[SourceVersion "1"]
[SourceVersionDate "2018.10.10"]
[SourceQuality "1"]

1. d4 d5 2. c4 e6 3. Nc3 c6 4. e3 f5 5. Nf3 Nf6 6. Bd3 Bd6 7. Qc2 Na6 8. a3 Qa5 9. Rb1 O-O 10. cxd5 cxd5 11. Bd2 Qd8 12. Rc1 Nc7 13. Nb5 Nxb5 14. Bxb5 Bd7 15. Bd3 Qe7 16. O-O Ne4 17. Qb3 Be8 18. Bb4 Bxb4 19. Qxb4 Qxb4 20. axb4 Nd6 21. Rc7 Rf7 22. Rfc1 Rxc7 23. Rxc7 Rc8 24. Rxc8 Nxc8 25. Ne5 Nd6 26. Kf1 Kf8 27. Ke2 Ke7 28. Kd2 Bb5 29. f3 Bxd3 30. Kxd3 Nf7 31. Nxf7 Kxf7 32. b5 Ke7 33. Kc3 g5 34. Kb4 Kd6 35. f4 g4 36. g3 1/2-1/2

[Event "Abe Yanofsky mem"]
[Site "Winnipeg CAN"]
[Date "2011.08.06"]
[Round "2"]
[White "Lambruschini, Alex"]
[Black "Magnusson, Saul"]
[Result "1-0"]
[WhiteElo "1843"]
[BlackElo "1804"]
[PlyCount "79"]
[GameId "2160767909649050"]
[EventDate "2011.08.05"]
[EventType "swiss"]
[EventRounds "5"]
[EventCountry "CAN"]

1. d4 e6 2. e4 d5 3. e5 c5 4. c3 Nc6 5. Nf3 Qb6 6. a3 Nh6 7. Bd3 cxd4 8. cxd4 Nf5 9. Bxf5 exf5 10. Nc3 Be6 11. O-O h6 12. h4 Be7 13. b4 O-O 14. Be3 Rac8 15. Rb1 Nxe5 16. dxe5 Qd8 17. Ne2 f4 18. Nxf4 Bg4 19. Qxd5 Qe8 20. Ng6 Be6 21. Nxe7+ Qxe7 22. Qd6 Qe8 23. Bc5 Qa4 24. Qd1 Qxd1 25. Rfxd1 Rfe8 26. Nd4 Bg4 27. f3 Bh5 28. Bd6 f6 29. e6 Rcd8 30. Bg3 Rd5 31. Bf2 g5 32. Rbc1 g4 33. Re1 gxf3 34. gxf3 Re7 35. Kh2 b6 36. Rg1+ Kh7 37. Rc8 Be8 38. f4 f5 39. h5 Kh8 40. Bh4 1-0

[Event "Abe Yanofsky mem"]
[Site "Winnipeg CAN"]
[Date "2011.08.06"]
[Round "2"]
[White "Li, Kevin"]
[Black "Boron, Anthony"]
[Result "1/2-1/2"]
[WhiteElo "2181"]
[BlackElo "1996"]
[PlyCount "60"]
[GameId "2160767909649051"]
[EventDate "2011.08.05"]
[EventType "swiss"]
[EventRounds "5"]
[EventCountry "CAN"]

1. e4 c6 2. d4 d5 3. Nc3 dxe4 4. Nxe4 Bf5 5. Ng3 Bg6 6. Nf3 Nd7 7. c3 Qc7 8. Bc4 e6 9. Qe2 Ngf6 10. Ne5 Nxe5 11. dxe5 Nd5 12. f4 Bc5 13. Ne4 Bxe4 14. Qxe4 O-O-O 15. Bd2 Qb6 16. O-O-O Be3 17. Bxd5 Bxd2+ 18. Rxd2 Rxd5 19. Rxd5 cxd5 20. Qe2 Rd8 21. Rd1 g6 22. g3 Rd7 23. Rd4 Rc7 24. Qd3 Qa5 25. a3 a6 26. Kb1 Qc5 27. c4 Rd7 28. cxd5 Rxd5 29. Rxd5 exd5 30. Qc3 b6 1/2-1/2

[Event "Abe Yanofsky mem"]
[Site "Winnipeg CAN"]
[Date "2011.08.06"]
[Round "2"]
[White "Moncal, Nilo"]
[Black "Vincent, Trevor"]
[Result "0-1"]
[WhiteElo "2102"]
[BlackElo "2347"]
[PlyCount "150"]
[GameId "2160767909649052"]
[EventDate "2011.08.05"]
[EventType "swiss"]
[EventRounds "5"]
[EventCountry "CAN"]

1. e4 c5 2. Nf3 e6 3. c3 Nf6 4. e5 Nd5 5. c4 Ne7 6. Nc3 Nbc6 7. Bd3 d6 8. exd6 Qxd6 9. Bb1 Ng6 10. O-O Be7 11. d4 cxd4 12. Nb5 Qd8 13. Nbxd4 Nxd4 14. Nxd4 O-O 15. Be4 f5 16. Bc2 Bf6 17. Nf3 e5 18. Qxd8 Rxd8 19. Rd1 Be6 20. Rxd8+ Rxd8 21. Be3 e4 22. Ne1 b6 23. c5 bxc5 24. Bxc5 a6 25. Ba3 Rb8 26. g4 Bxb2 27. Rb1 Be5 28. Rxb8+ Bxb8 29. gxf5 Bxf5 30. Bb3+ Kh8 31. Nc2 Nf4 32. Ne3 Be6 33. Nc4 Ne2+ 34. Kg2 Nd4 35. Nd2 Nxb3 36. axb3 Bd5 37. Nc4 e3+ 38. f3 Bf4 39. h3 Kg8 40. Bc5 Bxc4 41. bxc4 Kf7 42. Kf1 Ke6 43. Ke2 g6 44. Kd3 Kd7 45. Bb4 Bd6 46. c5 Bf4 47. Ke4 Bg5 48. f4 Bh6 49. Kxe3 Kc6 50. Ke4 Bf8 51. Kd4 Be7 52. Kc4 Bh4 53. Kd4 Bg3 54. Ke4 Bf2 55. Ke5 Bxc5 56. Bd2 Kd7 57. Kf6 Bd4+ 58. Kf7 Bb2 59. Kg8 Ke6 60. Kxh7 Kf5 61. Kh6 Ba3 62. Kg7 Bc5 63. Kh6 Bf2 64. Kh7 Bg3 65. Kg7 Bxf4 66. Ba5 g5 67. Kf7 Ke4 68. Kg6 Kf3 69. Be1 Bg3 70. Ba5 Bh4 71. Bd2 Kg3 72. Bxg5 Bxg5 73. Kxg5 a5 74. Kf5 a4 75. Ke4 a3 0-1

[Event "Abe Yanofsky mem"]
[Site "Winnipeg CAN"]
[Date "2011.08.06"]
[Round "2"]
[White "Penner, Wesley"]
[Black "Pang, Michael"]
[Result "0-1"]
[WhiteElo "1744"]
[BlackElo "1829"]
[PlyCount "74"]
[GameId "2160767909649053"]
[EventDate "2011.08.05"]
[EventType "swiss"]
[EventRounds "5"]
[EventCountry "CAN"]

1. e3 Nf6 2. d4 d5 3. c4 c6 4. Nc3 e6 5. Nf3 Bd6 6. c5 Bc7 7. b4 O-O 8. Bb2 b5 9. a4 bxa4 10. Rxa4 Bb7 11. Qa1 a5 12. b5 cxb5 13. Bxb5 Nc6 14. O-O Ne4 15. Qd1 f5 16. Ne1 Rf6 17. f4 g5 18. Nd3 Na7 19. c6 Bc8 20. fxg5 Nxc3 21. Bxc3 Rg6 22. Nf4 Bxf4 23. exf4 Nxb5 24. Bb2 Qb6 25. Qc2 Rg7 26. Rb1 Rc7 27. Rc1 Bd7 28. Qc5 Rxc6 29. Qe7 Rxc1+ 30. Bxc1 Qd6 31. Qf6 Rf8 32. Qh6 Nc3 33. Ba3 Qb8 34. g6 Qb1+ 35. Kf2 Ne4+ 36. Ke3 Qe1+ 37. Kd3 Qd2# 0-1

[Event "Abe Yanofsky mem"]
[Site "Winnipeg CAN"]
[Date "2011.08.06"]
[Round "2"]
[White "Pottinger, Carl"]
[Black "Klokow, John"]
[Result "1-0"]
[WhiteElo "1883"]
[BlackElo "1807"]
[PlyCount "67"]
[GameId "2160767909649054"]
[EventDate "2011.08.05"]
[EventType "swiss"]
[EventRounds "5"]
[EventCountry "CAN"]

1. c4 b6 2. Nf3 Bb7 3. Nc3 Nf6 4. g3 Bxf3 5. exf3 c5 6. Bg2 Nc6 7. O-O g6 8. f4 Rc8 9. d3 Bg7 10. Be3 O-O 11. Qd2 e6 12. Qc1 d5 13. Bd2 d4 14. Ne4 Nxe4 15. Bxe4 f5 16. Bxc6 Rxc6 17. Re1 Rd6 18. f3 h5 19. Re2 Qa8 20. Kf2 h4 21. Qf1 Kf7 22. Qg2 Qc6 23. g4 b5 24. b3 bxc4 25. bxc4 Rb8 26. Rae1 Qa4 27. gxf5 gxf5 28. Rg1 Rg8 29. Qg6+ Ke7 30. Qxf5 Qxa2 31. Qxc5 Qa6 32. f5 Kf7 33. fxe6+ Rxe6 34. Qc7+ 1-0

[Event "Abe Yanofsky mem"]
[Site "Winnipeg CAN"]
[Date "2011.08.06"]
[Round "2"]
[White "Repa, Jason"]
[Black "De Groot, Steven"]
[Result "1-0"]
[WhiteElo "1991"]
[BlackElo "1772"]
[PlyCount "52"]
[GameId "2160767909649055"]
[EventDate "2011.08.05"]
[EventType "swiss"]
[EventRounds "5"]
[EventCountry "CAN"]

1. f4 d5 2. e3 Nf6 3. Nf3 Bg4 4. b3 e6 5. Bb2 Be7 6. Be2 Nbd7 7. Ne5 Bxe2 8. Qxe2 c6 9. d3 h5 10. O-O Qc7 11. Nd2 Nxe5 12. fxe5 Ng8 13. Qf3 Bg5 14. Qg3 Qe7 15. h4 Bh6 16. Rf3 O-O-O 17. Raf1 Rf8 18. c4 g5 19. hxg5 Bxg5 20. Qh3 h4 21. cxd5 cxd5 22. Rc1+ Kb8 23. Bd4 Rc8 24. Bxa7+ Kxa7 25. Rxc8 Bh6 26. Qg4 Qg5 1-0

[Event "Abe Yanofsky mem"]
[Site "Winnipeg CAN"]
[Date "2011.08.06"]
[Round "2"]
[White "Yermolinsky, Alex"]
[Black "Babb, Jeff"]
[Result "1-0"]
[WhiteElo "2521"]
[BlackElo "2135"]
[PlyCount "67"]
[GameId "2160767909649056"]
[EventDate "2011.08.05"]
[EventType "swiss"]
[EventRounds "5"]
[EventCountry "CAN"]
[SourceTitle "EXT 2019"]
[Source "ChessBase"]
[SourceDate "2018.10.10"]
[SourceVersion "1"]
[SourceVersionDate "2018.10.10"]
[SourceQuality "1"]

1. d4 Nf6 2. c4 c5 3. d5 b5 4. Nf3 Bb7 5. Nbd2 Qa5 6. e4 Nxe4 7. b4 Qxb4 8. Rb1 Nc3 9. Rxb4 Nxd1 10. Rxb5 Nc3 11. Rxb7 Nxa2 12. Bb2 Nb4 13. Nb3 d6 14. Na5 Nd7 15. g3 Nb6 16. Ke2 Rg8 17. h4 g6 18. Bh3 Bg7 19. Bxg7 Rxg7 20. h5 gxh5 21. Bf5 Kf8 22. Rxh5 Nxc4 23. Nxc4 Nxd5 24. Rh1 Nf6 25. Ra1 e6 26. Bc2 d5 27. Nce5 h6 28. Raxa7 Rxa7 29. Rxa7 c4 30. Nc6 Ne8 31. Nfe5 f5 32. Ra8 Rg8 33. Ba4 Kg7 34. Ra7+ 1-0